000 00947nam a22003497a 4500
001 BR2025004329
003 BR-BrBNA
005 20251229092134.0
008 251224b2025 bl.||||| |||| 00| 0 por d
040 _aBR-BrBNA
_bpor
041 _apor
072 _aF01
_b1960
072 _aF08
090 _a1960 BR2025004825
100 0 _aMartins, Gervásio R. (ed.)
110 _aAssociação de Agricultura Orgânica, São Paulo, SP (Brazil)
245 _aSérie produção orgânica de crucíferas
260 _aSão Paulo, SP (Brazil)
_c{nd}
300 _a13 p.
500 _aPublished after 1993; 4 ref.; 2 illus.; 4 tables
650 _aCRUCÍFERA
650 _aBRASSICACEAE
650 _aHORTALIÇA
650 _aBRÓCOLIS
650 _aCOUVE
650 _aCOUVE FLOR
650 _aREPOLHO
650 _aAGRICULTURA ORGÂNICA
650 _aPRODUÇÃO ORGÂNICA
909 _a202512
_bSolange Oliveira
942 _cBK
999 _c339568
_d339568